00967nam a22002651 45000010005000000030008000050050017000130080039000300350018000690400036000870410008001230820024001311000029001552450063001842600040002473000027002874900086003145040041004006500026004418300014004678300053004819420012005349990015005469520140005617682BD-RjUL20211208234445.0140115t1967 nyu b 001 0 eng a(BD-RjUL)7726 aDLC/ICUcICUdDLCdBD-RjULbeng aeng00a519.1216bTUG 19671 aTucker, Howard G.92158912aA graduate course in probability /c[by] Howard G. Tucker. aNew York :bAcademic Press,cc1967. axiii, 273 p. ;c24 cm.1 aProbability and mathematical statistics; a series of monographs and textbooks,v2 aBibliographical reference and index. 0aProbabilities.923946 0v2.923950 0aProbability and mathematical statistics ;923951 2ddccBK c7682d7682 00102ddc40718NFICaRUCLbRUCLcreadingd1977-07-23eZeitlingerg121.00l0o519.1 TUG 1967r2014-01-15 00:00:00tC-1w2014-01-15yBK